Statistics for Most famous All-Time NBA Players per team EASY

Click here to take the quiz!

General Stats

  • This quiz has been taken 84 times
  • The average score is 25 of 30

Answer Stats

Answer% Correct
Michael Jordan
96%
Kobe Bryant
94%
LeBron James
93%
Shaquille ONeal
93%
Steph Curry
92%
Kareem Abdul-Jabbar
90%
Kevin Durant
90%
Allen Iverson
88%
Anthony Davis
88%
Chirs Paul
88%
Dirk Nowitzki
88%
Isiah Thomas
88%
Tim Duncan
88%
Bill Russell
86%
Dwayne Wade
86%
Hakeem Olajuwon
85%
Jason Kidd
85%
Steve Nash
85%
Karl Malone
83%
Kevin Garnett
82%
Vince Carter
82%
Wilt Chamberlain
82%
Reggie Miller
81%
Patrick Ewing
78%
Marc Gasol
76%
Dominique Wilkins
75%
Clyde Drexler
74%
Kemba Walker
72%
Oscar Robertson
65%
Wes Unseld
54%

Score Distribution

Percentile by Number Answered

Percent of People with Each Score

Your Score History

You have not taken this quiz